Fisonomía del idioma español

Сохранить в:
Библиографические подробности
Главный автор: Criado de Val, Manuel
Формат:
Язык:Undetermined
Опубликовано: Madrid, España Ediciones Aguilar 1962
Предметы:
Метки: Добавить метку
Нет меток, Требуется 1-ая метка записи!

MARC

LEADER 00000nam a2200000Ia 4500
008 170316s9999 xx 000 0 und d
090 |a 410 C-24f 
100 |a Criado de Val, Manuel 
245 |a Fisonomía del idioma español 
260 |a Madrid, España 
260 |b Ediciones Aguilar 
260 |c 1962 
300 |a 256 páginas 
650 |a LINGÜÍSTICA 
999 |c 18294  |d 18294 
040 |a cru BVZT 
942 |c 15 D  |h 410 C-24f  |2 z